| 000 | 01314nmc a2200397 a 4500 | ||
|---|---|---|---|
| 003 | AR-BaBNM | ||
| 005 | 20251128210242.0 | ||
| 008 | 011101s1997 ||||||||||||||000 | spa|| | ||
| 020 | _a84-7112-413-0 | ||
| 040 | _cAR-BaBNM | ||
| 245 | 1 | 0 |
_aEquidad y enseñanza de las matemáticas _bnuevas tendencias |
| 260 |
_aMadrid _bMinisterio de Educación y Cultura _bEdiciones Morata _c1997 |
||
| 300 | 0 |
_a391 p. _btablas, gráfs. |
|
| 490 | 0 |
_aEducación infantil y primaria _vv. 32 |
|
| 500 | 0 | _aContiene esquema del sistema educativo en los Estados Unidos y de España | |
| 504 | _aContiene bibliografía al final de cada capítulo | ||
| 650 | 4 | _aENSENANZA DE LAS MATEMATICAS | |
| 650 | 4 | _aREFORMA DE LA EDUCACION | |
| 650 | 4 | _aDIFERENCIAS ENTRE SEXOS | |
| 650 | 4 | _aSEXO FEMENINO | |
| 650 | 4 | _aEDUCACION MULTICULTURAL | |
| 650 | 4 | _aROL DEL DOCENTE | |
| 650 | 4 | _aCONDUCCION DE LA CLASE | |
| 650 | 4 | _aACTIVIDADES DE LA CLASE | |
| 650 | 4 | _aINTEGRACION RACIAL | |
| 653 | 0 | _aEQUIDAD | |
| 653 | 0 | _aPROYECTOS CURRICULARES | |
| 653 | 0 | _aDIVERSIDAD SOCIOCULTURAL | |
| 653 | 0 | _aGENERO | |
| 700 | 1 |
_aSecada, Walter G. _ecompilador |
|
| 700 | 1 |
_aFennema, Elizabeth _ecompilador |
|
| 700 | 1 |
_aAdajian, Lisa Byrd _ecompilador |
|
| 700 | 1 |
_aManzano, Pablo _etraductor |
|
| 942 | _cBK | ||
| 998 | _cRaquel | ||
| 999 |
_c14657 _d14657 |
||